书目信息 |
| 题名: |
公共关系实务
|
|
| 作者: | 方世敏 , 洪建新 主编 | |
| 分册: | ||
| 出版信息: | 武汉 华中理工大学出版社 1996.01 |
|
| 页数: | 310页 | |
| 开本: | 32开 | |
| 丛书名: | ||
| 单 册: | ||
| 中图分类: | C912.3 | |
| 科图分类: | ||
| 主题词: | 社会结构 , 社会关系 | |
| 电子资源: | ||
| ISBN: | 7-5609-1210-9 | |
| 000 | 00625nam0 2200217 45 | |
| 001 | 0009131911 | |
| 005 | 20000913193735.3 | |
| 010 | @a7-5609-1210-9@d11.50元 | |
| 100 | @a20000913d1996 km y0chiy0120 ea | |
| 101 | 0 | @achi |
| 105 | @a z 000yy | |
| 200 | 1 | @a公共关系实务@AGong Gong Guan Xi Shi Wu@f方世敏,洪建新主编@FFang Shi Min,Hong Jian Xin Zhu Bian |
| 210 | @a武汉@c华中理工大学出版社@d1996.01 | |
| 215 | @a310页@d32开 | |
| 606 | 0 | @a社会结构 |
| 606 | 0 | @a社会关系 |
| 690 | @aC912.3@v3 | |
| 701 | 0 | @a方世敏@4主编 |
| 701 | 0 | @a洪建新@4主编 |
| 801 | @aCN@bPftUser@c20000913 | |
| 905 | @b140663-665@dC912.3@eF539@f3 | |
| 公共关系实务/方世敏,洪建新主编.-武汉:华中理工大学出版社,1996.01 |
| 310页;32开 |
| ISBN 7-5609-1210-9:11.50元 |
| ● |
| 相关链接 |
|
|
|
正题名:公共关系实务
索取号:C912.3/F539
 
预约/预借
| 序号 | 登录号 | 条形码 | 馆藏地/架位号 | 状态 | 备注 |
| 1 | 140663 | 201406638 | 社科库509/509社科库 58排8列6层/ [索取号:C912.3/F539] | 在馆 | |
| 2 | 140664 | 201406647 | 社科库509/509社科库 58排8列6层/ [索取号:C912.3/F539] | 在馆 | |
| 3 | 140665 | 201406656 | 社科库509/509社科库 58排8列6层/ [索取号:C912.3/F539] | 在馆 |